Cartilla 2016. Declaracin̤ de Renta: Personas Jurd̕icas

Bibliographic Details
Main Author: Chavarro Cadena, Jorge Enrique
Format: Book
Language:Spanish
Published: Colombia Editorial Nueva Legislacin̤ 2016
Subjects:
Online Access:Acceso restringido

MARC

LEADER 00000nam a22000007a 4500
005 20160607123246.0
007 cr|||| ||u|
008 160607s2016 ck ||||| |||| 00||0 spa d
020 |a 978-958-59217-2-6 
035 |a 14288 
040 |a vLex  
090 |c 6166  |d 6166 
100 1 |a Chavarro Cadena, Jorge Enrique  
245 1 0 |a  Cartilla 2016. Declaracin̤ de Renta: Personas Jurd̕icas  |h [Recurso electrn̤ico] /  |c Jorge Enrique Chavarro Cadena  
256 |a Servicio en ln̕ea  
260 |a Colombia   |b Editorial Nueva Legislacin̤  |c 2016 
300 |a 1 recurso electrn̤ico (360 pg̀inas) 
506 1 |a Contenido solo disponible en los productos  |d vLex Global  |d vLex Global (Academic Edition, excluding Law Schools)  |d vLex Global (U.S. Academic Edition, Law Schools)  |d vLex Global (U.S. Academic Edition, excluding Law Schools)  |d vLex Global (Academic Edition, Law Schools) 
650 0 4 |a Personas jurd̕icas  |z Colombia 
740 0 |a vLex libros (servicio en ln̕ea) 
856 4 0 |u http://vlex.com/source/cartilla-2016-declaracion-renta-personas-juridicas-14288  |z Acceso restringido  
942 |c BOOK 
999 0 |a Juristic persons  |b Colombia